Fashion Designers - Statistics

General Stats
  • This quiz has been taken 2,348 times
  • The average score is 9 of 25
Answer Stats
Hint Answer % Correct
CK Calvin Klein
87%
CC Coco Chanel
85%
YSL Yves Saint Laurent
79%
G Gucci
72%
RL Ralph Lauren
72%
MK Michael Kors
67%
D&G Dolce & Gabbana
65%
CD Christian Dior
59%
MJ Marc Jacobs
46%
GV Gianni Versace
43%
GA Giorgio Armani
40%
P Prada
40%
DK Donna Karan
36%
TH Tommy Hilfiger
27%
NM Neiman Marcus
19%
G Guess
14%
J. C J. Crew
14%
HB Hugo Boss
11%
L Lacoste
10%
KC Kenneth Cole
9%
VG Valentino Garavani
6%
EB Eddie Bauer
2%
NM Nicole Miller
1%
R Rampage
0%
SA Steven Alan
0%
No matching quizzes found
Score Distribution
Percent of People with Each Score
Percentile by Number Answered
Your Score History
You have not taken this quiz